Central Library OPAC University of Rajshahi

আরব উপদ্বীপে নারীদের অবস্থা (৪৬০-৬৬১ খ্রীঃ ) / (Record no. 78053)

MARC details
000 -LEADER
fixed length control field 02237nam a2200325 a 4500
001 - CONTROL NUMBER
control field 78053
003 - CONTROL NUMBER IDENTIFIER
rucl marc code BD-RjUL
005 - DATE AND TIME OF LATEST TRANSACTION
control field 20211209083101.0
008 - FIXED-LENGTH DATA ELEMENTS--GENERAL INFORMATION
fixed length control field 210311s2009 bg ||||| m||| 00| 0 ben d
035 ## - SYSTEM CONTROL NUMBER
System control number (BD-RjUL}78279
040 ## - CATALOGING SOURCE
Original cataloging agency BD-RjUL
Language of cataloging ben /eng
Transcribing agency BD-RjUL
Modifying agency BD-RjUL
041 ## - LANGUAGE CODE
Language code of text/sound track or separate title ben
082 ## - DEWEY DECIMAL CLASSIFICATION NUMBER
Classification number 305.420953
Author mark and year MOA 2009
Edition number 23
100 ## - MAIN ENTRY--PERSONAL NAME
Personal name মোর্শেদ, মো. গোলাম
9 (RLIN) 245920
245 10 - TITLE STATEMENT
Title আরব উপদ্বীপে নারীদের অবস্থা (৪৬০-৬৬১ খ্রীঃ ) /
Statement of responsibility, etc. মো. গোলাম মোর্শেদ ;
Linkage সুপারভাইজার : মু. আব্দুল হক ; কো-সুপারভাইজার : মুহাম্মদ ইকরামুল ইসলাম
260 ## - PUBLICATION, DISTRIBUTION, ETC. (IMPRINT)
Place of publication, distribution, etc. রাজশাহী :
Name of publisher, distributor, etc. আরবী বিভাগ, রাজশাহী বিশ্ববিদ্যলয়,
Date of publication, distribution, etc. ২০০৯
300 ## - PHYSICAL DESCRIPTION
Pagination x, ৩০৫ পাতা ;
Size ২৯ সেমি.
502 ## - DISSERTATION NOTE
Dissertation note থিসিস (পিএইচ. ডি.) -- আরবী বিভাগ, রাজশাহী বিশ্ববিদ্যলয়, ২০০৯
504 ## - BIBLIOGRAPHY, ETC. NOTE
Bibliography, etc গ্রন্থপঞ্জী : [২৫৭]-৩০৫
600 ## - SUBJECT ADDED ENTRY--PERSONAL NAME
Dates associated with a name
650 ## - SUBJECT ADDED ENTRY--TOPICAL TERM
Topical term or geographic name as entry element মহিলা
Geographic subdivision আরব উপদ্বীপ
General subdivision সামাজিক পরিস্থিতি
Chronological subdivision ৪৬০-৬৬১ খ্রিষ্টাব্দ
9 (RLIN) 246008
Topical term or geographic name as entry element Women
Geographic subdivision Arabian Peninsula
General subdivision Social conditions
Chronological subdivision 460-661 A. D.
9 (RLIN) 246009
Topical term or geographic name as entry element মহিলা
Geographic subdivision আরব উপদ্বীপ
General subdivision অর্থনৈতিক অবস্থা
Chronological subdivision ৪৬০-৬৬১ খ্রিষ্টাব্দ
9 (RLIN) 246010
Topical term or geographic name as entry element Women
Geographic subdivision Arabian Peninsula
General subdivision Economic conditions
Chronological subdivision 460-661 A. D.
9 (RLIN) 246011
Topical term or geographic name as entry element মহিলা
Geographic subdivision আরব উপদ্বীপ
General subdivision ইতিহাস
Chronological subdivision ৪৬০-৬৬১ খ্রিষ্টাব্দ
9 (RLIN) 246012
Topical term or geographic name as entry element Women
Geographic subdivision Arabian Peninsula
General subdivision History.
Chronological subdivision 460-661 A. D.
9 (RLIN) 246013
700 ## - ADDED ENTRY--PERSONAL NAME
Personal name হক, মু. আব্দুল, সুপারভাইজার
Personal name ইসলাম, মুহাম্মদ ইকরামুল, কো-সুপারভাইজার
942 ## - ADDED ENTRY ELEMENTS (KOHA)
Source of classification or shelving scheme Dewey Decimal Classification
Koha item type Theses
Holdings
Lost status Source of classification or shelving scheme Damaged status Not for loan Collection code Permanent Location Current Location Shelving location Date acquired Source of acquisition Total Checkouts Full call number Date last seen Copy number Koha item type
  Dewey Decimal Classification   Not For Loan Theses Central Library, University of Rajshahi Central Library, University of Rajshahi Documentation Section 26/05/2011 Controller of Exam., R.U   BTHE 305.420953 MOA 2009 11/03/2021 C-1 Theses